01479nam a2200265 a 450000100100000000500170001000800410002704000250006810000440009324502680013726000570040530000270046249000460048950000220053550000730055750000630063050400310069370001060072470000500083070000260088074000590090683000530096595201780101899900170119600003242020200930065630.0110718s1954 dr 000 0 spa d aDO-SdBNPbspacBNPHU1 aLópez de Palacios Rubios, Juan95838010aDe las islas del mar océano ;bDel dominio de los Reyes de España sobre los indios /cJuan López de Palacios. Del dominio de los Reyes de , Matias de Paz ; introducción de Silvio Zavala ; traducción, notas y bibliografía de Agustín Millares Carló. aBuenos Aires :bFondo de Cultura Económica,c1954. acxxx, 209 p. ;c22 cm.1 aBiblioteca americanaacronistas de Indias aIncluye índices aIncluye referencias bibliográficas y notas al pie de las páginas aDos obras encuadernadas juntas con paginación continúa aBibliografía: p. 269-2891 aPaz, Matías de Paz,d1468 (ca.)-1519tDel dominio de los reyes de España sobre los indios.9583811 aMillares Carlo, Agustín,d1893-1980.9212931 aZavala, Silvio9463630 aDel dominio de los reyes de España sobre los indios. 0aBiblioteca americanapcronistas de Indias957182 0010718PDaPDbPDcCTd2011-07-18iLF1l0o p32420-10r2020-06-25w2020-06-25yLFPDzPerteneció a la biblioteca personal de Juan Isidro Jimenes Grullón.ZNo se presta c31911d31911